Clinton cash : (Record no. 96103)

MARC details
000 -LEADER
fixed length control field 02469nam a22003497a 4500
005 - DATE AND TIME OF LATEST TRANSACTION
control field 20170825101031.0
010 ## - LCCN (DPL NO)
LC control number 1516EN07 ENG-114669
020 ## - INTERNATIONAL STANDARD BOOK NUMBER
International Standard Book Number 9780062369284
Terms of availability 599.00
035 ## - SYSTEM CONTROL NUMBER
System control number EN-98201
035 ## - SYSTEM CONTROL NUMBER
System control number B-602189-197
035 ## - SYSTEM CONTROL NUMBER
System control number B-667739
037 ## - SOURCE OF ACQUISITION
Stock number dpl
Source of stock number/acquisition KKP/Ven
037 ## - SOURCE OF ACQUISITION
Source of stock number/acquisition DBAD/PUB
082 ## - DEWEY DECIMAL CLASSIFICATION NUMBER
Classification number 364.13230973
100 ## - MAIN ENTRY--PERSONAL NAME
Personal name Schweizer, Peter
245 ## - TITLE STATEMENT
Title Clinton cash :
Statement of responsibility, etc by Peter Schweizer
Remainder of title the untold story of how and why foreign governments and businesses helped make bill and Hillary rich /
260 ## - PUBLICATION, DISTRIBUTION, ETC. (IMPRINT)
Place of publication, distribution, etc New York
Name of publisher, distributor, etc Harper Collins Publishers
Date of publication, distribution, etc 2015
270 ## - ADDRESS
Address S195 Broadway
City New York
Postal code NY 10007
300 ## - PHYSICAL DESCRIPTION
Extent viii,243p.
Dimensions 23cm(Hb)
500 ## - GENERAL NOTE
General note Includes bibliographical references (pages 187-243).
505 ## - FORMATTED CONTENTS NOTE
Formatted contents note The Lincoln Bedroom goes global -- The transfer: Bill's excellent Kazakh adventure -- Hillary's reset: The Russian uranium deal -- Indian nukes: How to win a medal by changing Hillary's mind -- The Clinton blur (I): Bill and Hillary's global nexus of philanthropy, power, and profit -- The Clinton blur (II): The view from Foggy Bottom -- Podium economics: What was Bill being paid for? -- Warlord economics: The Clintons do Africa -- Rainforest riches: Hillary, Bill, and Colombian timber and oil deals -- Disaster capitalism Clinton-style: The 2010 Haitian relief effort -- Quid pro quo?
520 ## - SUMMARY, ETC.
Summary, etc In 2000, Bill and Hillary Clinton owed millions of dollars in legal debt. Since then, they've earned over $130 million. Where did the money come from? Most people assume that the Clintons amassed their wealth through lucrative book deals and high-six figure fees for speaking gigs. Now, Peter Schweizer shows who is really behind those enormous payments.
600 ## - SUBJECT ADDED ENTRY--PERSONAL NAME
Personal name Clinton, Bill,
Dates associated with a name 1946-
General subdivision Finance, Personal.
600 ## - SUBJECT ADDED ENTRY--PERSONAL NAME
Personal name Clinton, Hillary Rodham
General subdivision Finance, Personal.
610 ## - SUBJECT ADDED ENTRY--CORPORATE NAME
Corporate name or jurisdiction name as entry element William J. Clinton Presidential Foundation.
650 ## - SUBJECT ADDED ENTRY--TOPICAL TERM
Topical term or geographic name as entry element Political corruption
Geographic subdivision United States.
650 ## - SUBJECT ADDED ENTRY--TOPICAL TERM
Topical term or geographic name as entry element Charitable uses, trusts, and foundations
Geographic subdivision United States
General subdivision Finance.
650 ## - SUBJECT ADDED ENTRY--TOPICAL TERM
Topical term or geographic name as entry element Fund raising
General subdivision Corrupt practices
Geographic subdivision United States.
942 ## - ADDED ENTRY ELEMENTS (KOHA)
Source of classification or shelving scheme Dewey Decimal Classification
Item type English Books
Call number suffix SCH
Classification part 364.13230973
Holdings
Withdrawn status Lost status Not for loan Collection code Home library Current library Date acquired Source of acquisition Cost, normal purchase price Full call number Barcode Copy number Cost, replacement price Koha item type
      Non-fiction Ashok Vihar Ashok Vihar 25/08/2017 KKP/279/24.2.2017/394/15.2.2017/17.3.2017 599.00 364.13230973 SCH B-667739 1 599.00 English Books
      Non-fiction Bawana Bawana 29/08/2016 66/29.9.2015/122/16.9.2015/30.9.2015 599.00 364.13230973 SCH B-602196 1 599.00 English Books
      Non-fiction Central Library Central Library 29/08/2016 66/29.9.2015/122/16.9.2015/30.9.2015 599.00 364.13230973 SCH B-602189 1 599.00 English Books
    Not For Loan Non-fiction D.B.Act.Division D.B.Act.Division 23/12/2015 DBAD/PUB 599.00 364.13230973 SCH EN-98201 1 599.00 English Books
      Non-fiction Janak Puri Janak Puri 29/08/2016 66/29.9.2015/122/16.9.2015/30.9.2015 599.00 364.13230973 SCH B-602192 1 599.00 English Books
      Non-fiction Karol Bagh Karol Bagh 29/08/2016 66/29.9.2015/122/16.9.2015/30.9.2015 599.00 364.13230973 SCH B-602194 1 599.00 English Books
      Non-fiction Kasturba Gandhi Marg Kasturba Gandhi Marg 29/08/2016 66/29.9.2015/122/16.9.2015/30.9.2015 599.00 364.13230973 SCH B-602191 1 599.00 English Books
      Non-fiction Narela Narela 29/08/2016 66/29.9.2015/122/16.9.2015/30.9.2015 599.00 364.13230973 SCH B-602195 1 599.00 English Books
      Non-fiction Patel Nagar Patel Nagar 29/08/2016 66/29.9.2015/122/16.9.2015/30.9.2015 599.00 364.13230973 SCH B-602190 1 599.00 English Books
      Non-fiction Sarojini Nagar Sarojini Nagar 29/08/2016 66/29.9.2015/122/16.9.2015/30.9.2015 599.00 364.13230973 SCH B-602193 1 599.00 English Books
  Written-off vide DLB M. No. 383 dt 16.05.19   Non-fiction Shahdara Branch Shahdara Branch 29/08/2016 66/29.9.2015/122/16.9.2015/30.9.2015 599.00 364.13230973 SCH B-602197 1 599.00 English Books

© Delhi Public Library
Hit Counter
free hit counter